1738 1511 1930 1786 1234 1990 1225 1391 1265 1391 1072 1942 1375 1894 1584 1957 1376 1744 1448 1774 1419 1976 1094 1893 1865 1452 1798 1217 1517 1255 1305 1422 1680 1988 1695 1812 1524 1758 1153 1978 1934 1955 1823 1904 1282 1441 1371 1269 1028 1179 1017 1837 1778 1160 1244 1950 1567 1909 1075 1731 1971 1946 1034 1392 1471 1786 1563 1030 1216 1272 1328 1639 1125 1286 1359 1558 1187 1671 1718 1284 1634 1678 1692 1537 1899 1369 1030 1122 1556 1357 1424 1244 1419 1834 1978 1326 1189 1809 1711 BCNSPRNW ULIB Ver.6.0+V

เปลี่ยนเป็นภาษาไทย

Change to English
 แสดงรายละเอียดบรรณานุกรม
  กลับหน้าหลัก

Brief Record : Get Marc (ISO 2709) : E-mail record : QR code < ปิดหน้าต่าง
LEADER : 00000nam 2200000uu 4500
001    13399125834
003     ULIB
008    020711s2017 th a 000 0 eng d
020    ^a9781496339560
060    ^aWY193^bC-L
100    ^aCarter,Pamela J.
245    ^aLippincott essentials for nursing assistants : a humanistic approach/^cCarter,Pamela J.
250    ^a4th ed
260    ^aPhiladelphia :^bWolters Kluwer,^c2017
300    ^a751 pages;^c30 cm
650    ^aNurses'Aides^xNursing Care-methods
945    ^p1946^l0^i003211
999    ^aประนอม เกษจรัล
รายการนี้ยังไม่มีแท็ก
คุณยังไม่ได้ล็อกอิน คุณสามารถมีกิจกรรมร่วมกับเว็บไซต์ได้ แต่ต้องล็อกอินก่อน ::
  ล็อกอิน

รายการสื่อสารสนเทศ

ลำดับที่ ประเภท เลขเรียก/บาร์โค้ด สถานที่ สถานะ
1. วิทยาศาสตร์การแพทย์ และสุขภาพ
หนังสือสำรอง
สถานะ=หนังสือสำรอง
WY193 C-L ฉ.1 
  Barcode: 003211
ห้องสมุดวิทยาเขตสวรรค์ประชารักษ์
►หนังสือทั่วไป
บนชั้น

รายการใกล้เคียง
    ผู้แต่ง [Carter,Pamela J.]

BibComment


ยังไม่เคยถูกคอมเมนท์

คอมเมนท์ทรัพยากรรายการนี้
  คอมเมนท์: Lippincott essen..


 Copyright 2026. Bcnsprnw @Library